| 000 | 01280nam a2200325 a 4500 | ||
|---|---|---|---|
| 001 | ebr10051463 | ||
| 003 | CaPaEBR | ||
| 006 | m u | ||
| 007 | cr cn||||||||| | ||
| 008 | 990121s1999 nyua sb 001 0 eng | ||
| 010 | _z 99017313 | ||
| 020 | _z0824719476 (alk. paper) | ||
| 040 |
_aCaPaEBR _cCaPaEBR |
||
| 035 | _a(OCoLC)44953836 | ||
| 050 | 1 | 4 |
_aQD79.C4 _bI564 1999eb |
| 082 | 0 | 4 |
_a543/.089 _221 |
| 245 | 0 | 0 |
_aInterfacial phenomena in chromatography _h[electronic resource] / _cedited by Emile Pefferkorn. |
| 260 |
_aNew York : _bM. Dekker, _c1999. |
||
| 300 |
_avii, 448 p. : _bill. |
||
| 490 | 1 |
_aSurfactant science series ; _vv. 80 |
|
| 504 | _aIncludes bibliographical references and index. | ||
| 533 |
_aElectronic reproduction. _bPalo Alto, Calif. : _cebrary, _d2013. _nAvailable via World Wide Web. _nAccess may be limited to ebrary affiliated libraries. |
||
| 650 | 0 |
_aChromatographic analysis _xTechnique. |
|
| 650 | 0 | _aInterfaces (Physical sciences) | |
| 655 | 7 |
_aElectronic books. _2local |
|
| 700 | 1 |
_aPefferkorn, E. _q(Emile) |
|
| 710 | 2 | _aebrary, Inc. | |
| 830 | 0 |
_aSurfactant science series ; _vv. 80. |
|
| 856 | 4 | 0 |
_uhttp://site.ebrary.com/lib/rucke/Doc?id=10051463 _zAn electronic book accessible through the World Wide Web; click to view |
| 999 |
_c76087 _d76087 |
||